| 000 | 00861nam a22002775a 4500 | ||
|---|---|---|---|
| 005 | 20201128023556.0 | ||
| 008 | 150928t2006 nyua frd 001 0 eng d | ||
| 020 | _a9780071313797 | ||
| 020 | _a0071313796 | ||
| 040 |
_aEG-ScBUE _beng _cEG-ScBUE |
||
| 082 | 0 | 4 |
_a004 _bNOR _222 |
| 100 | 1 |
_aNorton, Peter, _d1943- _938439 |
|
| 245 | 1 | 0 |
_aIntroduction to computers / _cPeter Norton. |
| 246 | 3 | _aPeter Norton's introduction to computers | |
| 250 | _a6th ed. | ||
| 260 |
_aNew York : _bMcGraw-Hill Technology Education, _cc.2006. |
||
| 300 |
_axxviii, 656 p. : _bill. (col.) ; _c30 cm. |
||
| 500 | _aGlossary : p. 605-635. | ||
| 500 | _aIndex : p. 639-656. | ||
| 650 | 7 |
_2BUEsh _91995 _aComputers. |
|
| 650 | 0 |
_aComputer software _2BUEsh |
|
| 651 | _2BUEsh | ||
| 653 |
_bBUSADM _bCOMSCI _cSeptember2015 |
||
| 655 |
_vText book _933728 |
||
| 942 |
_2ddc _k004 NOR |
||
| 999 |
_c20860 _d20832 |
||